Heat and mass transfer (Record no. 5861)

000 -LEADER
fixed length control field 00529nam a2200205 4500
001 - CONTROL NUMBER
control field 5861
003 - CONTROL NUMBER IDENTIFIER
control field BD-DhUET
008 - FIXED-LENGTH DATA ELEMENTS--GENERAL INFORMATION
fixed length control field 700409m19679999is a b 000 0 eng
040 ## - CATALOGING SOURCE
Original cataloging agency DLC
Transcribing agency DLC
Modifying agency BD-DhUET
082 00 - DEWEY DECIMAL CLASSIFICATION NUMBER
Classification number 621.011
Item number ECK/1959
100 ## - MAIN ENTRY--PERSONAL NAME
Personal name Eckert, R. R. G.
245 00 - TITLE STATEMENT
Title Heat and mass transfer
250 ## - EDITION STATEMENT
Edition statement 2nd ed.
260 ## - PUBLICATION, DISTRIBUTION, ETC. (IMPRINT)
Place of publication, distribution, etc. New York
Name of publisher, distributor, etc. McGraw-Hill
Date of publication, distribution, etc. 1959
300 ## - PHYSICAL DESCRIPTION
Extent xiv, 530p.
490 1# - SERIES STATEMENT
Series statement McGraw-Hill series in mechanical engineering
650 #0 - SUBJECT ADDED ENTRY--TOPICAL TERM
Topical term or geographic name as entry element Heat-Transmission
700 ## - ADDED ENTRY--PERSONAL NAME
Personal name Drake, Robert M.
942 ## - ADDED ENTRY ELEMENTS (KOHA)
Koha item type General Book
Holdings
Lost status Price effective from Koha date last seen Koha normalized classification for sorting Location (home branch) Copy number Sublocation or collection (holding branch) Date acquired Koha full call number Not for loan Piece designation (barcode) Shelving location Koha item type Source of classification or shelving scheme Withdrawn status Koha date last borrowed Koha issues (times borrowed) Damaged status
 2014-11-292014-11-29621_011000000000000_ECK_1959Central Library, BUET Central Library, BUET2014-11-29621.011/ECK/1959 36668Circulation sectionGeneral Book     
 2014-12-032014-12-03621_000000000000000_011ECK1959Central Library, BUET2Central Library, BUET2014-12-03621.011/ECK/1959 14884Circulation sectionGeneral Book     
 2015-04-122015-04-12621_011000000000000_ECK_1959Central Library, BUET3Central Library, BUET2015-04-12621.011/ECK/1959 11302Circulation sectionGeneral Book     
 2015-04-122015-04-12621_011000000000000_ECK_1959Central Library, BUET4Central Library, BUET2015-04-12621.011/ECK/1959 31276Circulation sectionGeneral Book     
 2015-04-122015-04-12621_011000000000000_ECK_1959Central Library, BUET5Central Library, BUET2015-04-12621.011/ECK/1959 31274Circulation sectionGeneral Book     
 2015-04-122015-04-12621_011000000000000_ECK_1959Central Library, BUET6Central Library, BUET2015-04-12621.011/ECK/1959 31271Circulation sectionGeneral Book     
 2015-04-122015-04-12621_011000000000000_ECK_1959Central Library, BUET7Central Library, BUET2015-04-12621.011/ECK/1959 31272Circulation sectionGeneral Book     
 2015-04-132021-11-28621_011000000000000_ECK_1959Central Library, BUET8Central Library, BUET2015-04-13621.011/ECK/1959 31277Circulation sectionGeneral Book  2020-03-021 
 2015-04-132015-04-13621_011000000000000_ECK_1959Central Library, BUET9Central Library, BUET2015-04-13621.011/ECK/1959 11301Circulation sectionGeneral Book     
 2015-04-132015-04-13621_011000000000000_ECK_1959Central Library, BUET10Central Library, BUET2015-04-13621.011/ECK/1959 11303Circulation sectionGeneral Book     
 2015-04-132015-04-13621_011000000000000_ECK_1959Central Library, BUET11Central Library, BUET2015-04-13621.011/ECK/1959 24625Circulation sectionGeneral Book     
 2015-04-132015-04-13621_011000000000000_ECK_1959Central Library, BUET12Central Library, BUET2015-04-13621.011/ECK/1959 7652Circulation sectionGeneral Book     
 2015-04-132015-04-13621_011000000000000_ECK_1959Central Library, BUET13Central Library, BUET2015-04-13621.011/ECK/1959 24320Circulation sectionGeneral Book     
 2015-04-132015-04-13621_011000000000000_ECK_1959Central Library, BUET14Central Library, BUET2015-04-13621.011/ECK/1959 24976Circulation sectionGeneral Book     
 2015-04-132015-04-13621_011000000000000_ECK_1959Central Library, BUET15Central Library, BUET2015-04-13621.011/ECK/1959 31275Circulation sectionGeneral Book     
 2015-06-162015-06-16621_011000000000000_ECK_1959Central Library, BUET16Central Library, BUET2015-06-16621.011/ECK/1959 7655Reading sectionGeneral Book